000
00276nam a22001217a 4500
008
181206b xxu||||| |||| 00| 0 eng d
041
_a
eng
080
_a
714
100
_a
45
101
_a
ART
245
_a
Complete Guide To Arcylic Painting
_c
Blake.W
942
_2
udc
_c
BK
999
_c
52928
_d
52928